000 00711nam a2200229 i 4500
001 169313
003 ES-MaACL
005 20250911062845.0
008 080829s2007 sp |||| | spa d
017 _aM-41.377-2007
020 _a978-84-7522-124-3
080 _a821.134.2(83)-14"19"
100 1 _aNeruda, Pablo,
_d1904-1973
_985398
245 1 0 _aBestiario /
_cPablo Neruda ; edición de Giuseppe Bellini.
260 _aMadrid :
_bVisor Libros,
_c2007.
300 _a208 p. ;
_c20 cm.
490 1 _aColección Visor de poesía ;
_v657
700 1 _aBellini, Giuseppe.
_927224
830 0 _aColección Visor de poesía
_v657
_9177331
852 4 _aES-MaACL
_jL-29667
_9R.143170
999 _c169313
_d169313